MARC

LEADER 00000nam0a2200000 4500
001 270506
005 20231031225001.0
010 |b 10000 экз. 
035 |a (RuTPU)RU\TPU\book\293687 
090 |a 270506 
100 |a 20140929d1932 m y0rusy50 ca 
101 0 |a rus 
102 |a RU 
105 |a a z 001zy 
200 1 |a Рабочая книга по минералогии. Часть 1  |f А. Г. Бетехтин [и др.]  |g под ред. проф. А. К. Болдырева 
210 |a Ленинград  |a Москва  |a Новосибирск  |c НКТП СССР  |c Государственное научно-техническое горное изд-во  |d 1932 
215 |a 312 с.  |c ил. 
300 |a Включена в состав библиотеки М. А. Усова из фонда НТБ. 
320 |a Указатель терминов: с. 306-307 
320 |a Указатель минералов: с. 307-311 
320 |a Указатель месторождений СССР: с. 311-312. 
610 1 |a минералогия 
610 1 |a учебные пособия 
610 1 |a библиотека М. А. Усова 
610 1 |a реконструкция библиотек 
675 |a 549(075.8)  |v 3 
700 1 |a Бетехтин  |b А. Г. 
701 1 |a Болдырев  |b А. К. 
701 1 |a Годлевский  |b М. Н. 
701 1 |a Киселев  |b А. И. 
701 1 |a Левицкий  |b О. Д. 
701 1 |a Разумовский  |b Н. К. 
701 1 |a Смирнов  |b А. А. 
701 1 |a Соболев  |b В. С. 
701 1 |a Соловьев  |b С. П. 
701 1 |a Татарский  |b В. Б. 
701 1 |a Успенский  |b Н. М. 
701 1 |a Черных  |b В. В. 
701 1 |a Шаталов  |b Е. Т. 
701 1 |a Шафрановский  |b И. И. 
702 1 |a Болдырев  |b А. К.  |4 340 
801 1 |a RU  |b 63413507  |c 20140929 
801 2 |a RU  |b 63413507  |c 20140929  |g RCR 
942 |c BK